000 00403nam a2200181Ia 4500
001 1294
005 20260306143717.0
008 260306t1968||||xx |||||||||||||| ||spa||
041 _aESP
082 _a193
_bH36
100 _aHeidegger, Martín
_eAUT
245 0 _aQuestions II
260 _c1968
300 _a276 páginas :
_c18 cm.
650 _aGEN
654 _aCHU
942 _cLIB
_dJUS
_fJUS
_2ddc
_n
999 _c1294
_d1294